[Event "GER-chT U18 Girls"]
[Site "Germany"]
[Date "2011.05.14"]
[Round "4.4"]
[White "Schulte, Katharina"]
[Black "Schillinger, Carmen"]
[Result "1-0"]
[WhiteElo "800"]
[BlackElo "800"]
[PlyCount "99"]
[EventDate "2011.05.13"]
[EventType "team-swiss"]
[EventRounds "7"]
[EventCountry "GER"]
[SourceTitle "EXT 2012"]
[Source "ChessBase"]
[SourceDate "2011.11.24"]
[SourceVersion "1"]
[SourceVersionDate "2011.11.24"]
[SourceQuality "1"]
[WhiteTeam "Mariengymn (W)"]
[BlackTeam "Neuenburg Gymn (W)"]
[WhiteTeamCountry "GER"]
[BlackTeamCountry "GER"]

1. e4 e5 2. Nf3 Nc6 3. Bc4 Nf6 4. Nc3 Bb4 5. 0-0 d6 6. h3 0-0 7. d3 Nd4 8. Nxd4 exd4 9. Nb5 d5 10. Nxd4 dxe4 11. dxe4 Nxe4 12. Bf4 Bf5 13. Nxf5 Nc5 14. Be3 Na4 15. b3 Nb2 16. Qxd8 Raxd8 17. Rab1 Nxc4 18. bxc4 Ba5 19. Rxb7 a6 20. Ne7+ Kh8 21. Nc6 Rd7 22. Nxa5 Re8 23. Bf4 h6 24. Bxc7 Re2 25. Bf4 Rd4 26. Be3 Re4 27. Rxf7 Rxc2 28. a3 Re5 29. Nc6 Re6 30. Nd4 Rxc4 31. Nxe6 Kg8 32. Rf8+ Kh7 33. Rc1 Ra4 34. Ra1 Re4 35. Nc5 Rc4 36. Nxa6 g6 37. Rf6 Kg7 38. Rb6 Rh4 39. Rc1 Re4 40. Rc7+ Kf8 41. Rb8+ Re8 42. Rxe8+ Kxe8 43. Nc5 Kd8 44. Rh7 Kc8 45. a4 Kb8 46. a5 Kc8 47. a6 Kb8 48. Nd7+ Ka8 49. Nb6+ Kb8 50. a7# 1-0